Money, banking and financial markets (Record no. 5614)

MARC details
000 -LEADER
fixed length control field 00754nam a22002177a 4500
003 - CONTROL NUMBER IDENTIFIER
control field OSt
005 - DATE AND TIME OF LATEST TRANSACTION
control field 20251106071349.0
008 - FIXED-LENGTH DATA ELEMENTS--GENERAL INFORMATION
fixed length control field 251106b |||||||| |||| 00| 0 eng d
020 ## - INTERNATIONAL STANDARD BOOK NUMBER
International Standard Book Number 0-07-111565-x
040 ## - CATALOGING SOURCE
Original cataloging agency DWCL-Main lib
Transcribing agency OC
082 ## - DEWEY DECIMAL CLASSIFICATION NUMBER
Classification number Circ. 332.1 C387 2006
100 ## - MAIN ENTRY--PERSONAL NAME
Personal name Ceccheti, S.
245 ## - TITLE STATEMENT
Title Money, banking and financial markets
Statement of responsibility, etc. Ceccheti, Stephen G.
260 ## - PUBLICATION, DISTRIBUTION, ETC.
Place of publication, distribution, etc. New York :
Name of publisher, distributor, etc. McGraw-Hill Companies,
Date of publication, distribution, etc. c2006
300 ## - PHYSICAL DESCRIPTION
Extent xxxv, 643 pages :
Other physical details colored illustration :
Dimensions 25 cm.
504 ## - BIBLIOGRAPHY, ETC. NOTE
Bibliography, etc. note Includes bibliographical references and index
650 ## - SUBJECT ADDED ENTRY--TOPICAL TERM
Source of heading or term Banks and banking
650 ## - SUBJECT ADDED ENTRY--TOPICAL TERM
Source of heading or term Finance
650 ## - SUBJECT ADDED ENTRY--TOPICAL TERM
Source of heading or term Money
942 ## - ADDED ENTRY ELEMENTS (KOHA)
Source of classification or shelving scheme Dewey Decimal Classification
Koha item type Book Circulation
Edition McGraw-Hill International
Classification part Circ. 332.1 C387 2006
Call number prefix Circ.
Suppress in OPAC No
952 ## - LOCATION AND ITEM INFORMATION (KOHA)
--
Holdings
Withdrawn status Lost status Source of classification or shelving scheme Damaged status Not for loan Home library Current library Shelving location Date acquired Source of acquisition Cost, normal purchase price Total Checkouts Full call number Barcode Date last seen Copy number Price effective from Koha item type Uniform Resource Identifier
    Dewey Decimal Classification     College Library College Library Circulation 12/14/2005 School Fund 2876.00   Circ. 332.1 C387 2006 CL42569 11/06/2025 c1 11/06/2025 BK-CIRC